Bienvenue à la Médiathèque de Saint-Andiol
banniere
Accueil Recherche avancée Mon compte
handi1 Rechercher dans le catalogue

Filtre   Mots-clés
  Recherche avancée
 
Lister les dernières nouveautés
 
Lister les livres GROS CARACTERES
 
Lister les périodiques (magazines)

handi1 Baie des trépassés (La)

<< Retourner aux résultats de la recherche
Book Cover
Auteur principal : Jacques Mazeau
Titre : Baie des trépassés (La)
Support : Livres
Langue : Francais
Publié : 2020 Archipel Paris
Series : Inspecteur Malville
Genre : Policier
Collection : Inspecteur Malville
Sujets :
Étiquettes :
Pas de tags
LEADER 01623nam0a2200217 450
001 16868293
010 |a 978-2-8098-2783-5  |b br.  |d 20 € 
100 |a 20191010d2020 u u0frey01 ba 
101 0 |a fre 
102 |a FR 
200 0 |a Baie des trépassés (La)  |f Jacques Mazeau 
207 1 |a   
210 |a Paris  |c Archipel  |d 2020 
215 |a 1 vol. (320 p.)  |d 23 x 14 cm 
225 1 |a Inspecteur Malville 
330 |a Enquête criminelle au fin bout du Finistère. Col relevé, tête baissée, Malville, commandant de PJ, descend vers la plage de la baie des Trépassés, proche de la pointe du Raz. Il rejoint les techniciens de la police technique et scientifique qui lui désignent un cadavre de femme. Nue, sur le dos, jambes légèrement écartées, l'inconnue repose sur une couverture. Le visage boursouflé, les yeux bandés par une culotte, sans doute la sienne, des ecchymoses et des éraflures sur l'ensemble du corps... Enfin, détail incongru, le tatouage sur son pubis épilé : un coeur avec deux ailes. Pour Malville, c'est le début d'une enquête délicate qui va le mener avec Aude, sa collègue stagiaire, à s'intéresser aux musiciens des Vielles Folles, un groupe de rock breton, à des trafiquants de vidéos porno et au milieu des ligneurs, ces pêcheurs de bar qui risquent leur vie dans le raz de Sein... Mais il lui faudra avant tout démêler les fils invisibles d'une vengeance. 
461 0 |t Inspecteur Malville 
700 0 |a Mazeau  |b Jacques  |4 70 
900 |a Policier 
901 |a Adultes 
995 |a Médiathèque  |c Médiathèque  |f 00156012287926  |h 00156012287926  |k RP MAZ  |o p  |q a  |r az  |e MédiathèqueÂ